Od kvantovej chémie po molekulovú dynamiku. Výpočet a aplikácia interakčných potenciálových kriviek (povrchov) habilitačná práca

Uložené v:
Podrobná bibliografia
Hlavný autor: Ilčin, Michal
Médium: Kniha
Jazyk:English
Vydavateľské údaje: Bratislava STU FCHPT 2016
On-line prístup:View in OPAC
Tagy: Pridať tag
Žiadne tagy, Buďte prvý, kto otaguje tento záznam!

MARC

LEADER 00000nam a2200000 a 4500
005 20260127133952.0
008 170410 000 0 eng d
035 |a vtls011623038 
039 9 |y 201704101332  |z mschk03 
040 |a STUSCHK1  |b slo  |c STUSCHK1  |e AACR2 
100 1 |a Ilčin, Michal 
245 1 |a Od kvantovej chémie po molekulovú dynamiku. Výpočet a aplikácia interakčných potenciálových kriviek (povrchov)  |b habilitačná práca  |c Michal Ilčin 
260 |a Bratislava  |b STU FCHPT  |c 2016 
300 |a 92 s.  |b il.  |c 30 cm 
500 |a Dátum obhajoby: 11.11.2016 
500 |a Miesto vypracovania: Odd. chemickej fyziky 
910 |a SCHK95 
999 |c 1117  |d 1117